LEADER 01131nam1 2200385 45 001 990000335650203316 035 $a0033565 035 $aUSA010033565 035 $a(ALEPH)000033565USA01 035 $a0033565 100 $a19901023d1989 |||y0itay0103 b 101 $aita 102 $aIT 105 $a00||| 200 1 $aStoria dell'alfabetizzazione occidentale$fHarvey J. Graff 210 $aBologna$cIl mulino$d1989 215 $a3 v.$d22 cm 225 2 $a<> vie della civiltà 312 $aTrad. di: The legacies of literacy 410 0$12001$a<> vie della civiltà 454 1$12001$a<> legacies of literacy$925361 606 $aScrittura$xDiffusione$xStoria 606 $aAnalfabetismo$xStoria 676 $a302.2 700 1$aGRAFF,$bHarvey J.$0143723 801 0$aIT$bBNI$c19901023 912 $a990000335650203316 951 $aXV B 824 959 $aBK 979 $aTAMI$b40$c20010206$lUSA01$h1029 979 $aTAMI$b40$c20010206$lUSA01$h1038 979 $c20020403$lUSA01$h1641 979 $aPATRY$b90$c20040406$lUSA01$h1623 996 $aLegacies of literacy$925361 997 $aUNISA LEADER 01000nam0-2200325---450- 001 990008820560403321 005 20090309104512.0 035 $a000882056 035 $aFED01000882056 035 $a(Aleph)000882056FED01 035 $a000882056 100 $a20090309d2003----km-y0itay50------ba 101 0 $aita 102 $aIT 105 $a--------001yy 200 1 $a<> motori della scuola fiorentina$edocumenti sui primi studi del motore a scoppio tra il 1853 e il 1868$fEmilio Borchi, Renzo Macii, Giacomo Ricci 210 $a[S.l.]$cFondazione Barsanti e Matteucci$d2003 215 $a239 p.$cill.$d28 cm 610 0 $aMotori a scoppio 676 $a621.43 700 1$aBorchi,$bEmilio$061283 701 1$aMacii,$bRenzo$061284 701 1$aRicci,$bGiacomo$010376 801 0$aIT$bUNINA$gRICA$2UNIMARC 901 $aBK 912 $a990008820560403321 952 $a13 N 36 08$b16077$fFINBC 959 $aFINBC 996 $aMotori della scuola fiorentina$9807001 997 $aUNINA LEADER 00968nam0-22003491i-450- 001 990003081810403321 005 20131127105201.0 010 $a0-85255-104-5 035 $a000308181 035 $aFED01000308181 035 $a(Aleph)000308181FED01 035 $a000308181 100 $a20030910d1988----km-y0itay50------ba 101 0 $aeng 102 $aIT 200 1 $aForeign Aid Reconsidered$fRoger C.Riddle. 205 $areprinted. 210 $aBaltimore$c\<> \Johns Hopkins University Press$cLondon$cJames Currey$d1988. 215 $aX, 309 p.$d22 cm 225 1 $a<>John Hopkins Studies in Development 676 $aF/3.2 676 $aO/1.343 702 1$aRiddle,$bRoger C. 801 0$aIT$bUNINA$gRICA$2UNIMARC 901 $aBK 912 $a990003081810403321 952 $aISVE 01-02.234$fDECTS 952 $aO/1343 RID$b7373$fSES 959 $aDECTS 959 $aSES 996 $aForeign Aid Reconsidered$9460073 997 $aUNINA